[Event "East Lansing (MOR/6)"]
[Site "?"]
[Date "1991.??.??"]
[Round "?"]
[White "Scriber, Darin"]
[Black "Baker, T."]
[Result "1-0"]
[WhiteElo "1605"]
[BlackElo "1605"]
[PlyCount "89"]
[EventDate "1991.??.??"]

1. e4 e6 2. d4 d5 3. Nd2 Nf6 4. e5 Nfd7 5. Bd3 c5 6. c3 Nc6 7. Ne2 f6 8. f4 Be7
9. Nf3 O-O 10. O-O Qc7 11. Qc2 g6 12. Bxg6 f5 13. Bh5 Kh8 14. Bd2 Qd8 15. Be1
Nb6 16. Nd2 Qd7 17. Kh1 cxd4 18. Nxd4 Nxd4 19. cxd4 Bd8 20. Rf3 Rg8 21. a4 Qe7
22. Rh3 Qf8 23. a5 Nd7 24. Nf3 Be7 25. Bh4 Bxh4 26. Nxh4 Rg7 27. Nf3 Qb4 28.
Ra4 Qb5 29. Kg1 b6 30. Ng5 Ba6 31. Rf3 Nf8 32. Nf7+ Kg8 33. Nd6 Qe2 34. Qxe2
Bxe2 35. Rh3 bxa5 36. Bxe2 Rb8 37. Ra2 Ng6 38. Rf3 Rb4 39. Kf2 Rxd4 40. g3 Rb4
41. Rxa5 Rxb2 42. Rc3 Nf8 43. Rc8 Rg6 44. Rxa7 Rh6 45. h4 1-0

[Event "Ann Arbor (HVA/2/16)"]
[Site "?"]
[Date "1991.??.??"]
[Round "?"]
[White "Schultz, D."]
[Black "Vaughn, Gerald"]
[Result "1-0"]
[WhiteElo "1605"]
[BlackElo "1605"]
[PlyCount "51"]
[EventDate "1991.??.??"]

{2/(16)} 1. e4 c5 2. Bc4 e6 3. Nf3 Nc6 4. d4 cxd4 5. Nxd4 Ne5 6. Bd3 Bc5 7. Be3
Qa5+ 8. c3 Nxd3+ 9. Qxd3 Qb6 10. b4 Bd6 11. Nf5 Qc7 12. Nxd6+ Ke7 13. Bc5 Qc6
14. Nxc8+ Kd8 15. Nd6 Nh6 16. O-O f6 17. Nd2 b6 18. Be3 g5 19. b5 Qc7 20. N2c4
Rb8 21. e5 Rg8 22. Qxh7 Re8 23. Qxh6 fxe5 24. Qf6+ Re7 25. Qf8+ Re8 26. Qxe8#
1-0

[Event "Ann Arbor (HVA/3/11)"]
[Site "?"]
[Date "1991.??.??"]
[Round "?"]
[White "Schultz, D."]
[Black "Tobis, B."]
[Result "0-1"]
[WhiteElo "1605"]
[BlackElo "1700"]
[PlyCount "86"]
[EventDate "1991.??.??"]

{3/(11)} 1. d4 d5 2. Nf3 e6 3. Nc3 c5 4. e4 dxe4 5. Nxe4 cxd4 6. c3 dxc3 7.
Qxd8+ Kxd8 8. Bd3 cxb2 9. Bxb2 Bb4+ 10. Bc3 Bxc3+ 11. Nxc3 Nc6 12. Ng5 Ke7 13.
O-O h6 14. Nf3 Nf6 15. Rfe1 b6 16. Rac1 Bb7 17. Nh4 Nd4 18. Nb5 Nxb5 19. Bxb5
Rhc8 20. Nf5+ Kf8 21. Nd6 Rxc1 22. Rxc1 Bd5 23. Ba6 Rd8 24. Nc8 Bxa2 25. Nxa7
Nd5 26. Nc8 g5 27. Rc6 Nb4 28. Rxb6 Nxa6 29. Nd6 Ke7 30. Rxa6 Rxd6 31. Rxd6
Kxd6 32. g4 Ke5 33. Kg2 Kf4 34. h3 Bd5+ 35. Kg1 Kf3 36. Kf1 Bc4+ 37. Kg1 e5 38.
Kh2 Kxf2 39. h4 e4 40. h5 e3 41. Kh3 e2 42. Kh2 e1=Q 43. Kh3 Qh1# 0-1

[Event "Ann Arbor (HVA/5/15)"]
[Site "?"]
[Date "1991.??.??"]
[Round "?"]
[White "Schultz, D."]
[Black "Rosebrook, G."]
[Result "1-0"]
[WhiteElo "1605"]
[BlackElo "1605"]
[PlyCount "81"]
[EventDate "1991.??.??"]

{5/(15)} 1. d4 Nf6 2. Nc3 e6 3. e4 Bb4 4. e5 Bxc3+ 5. bxc3 Nd5 6. Bd2 d6 7. Nf3
Nc6 8. c4 Nde7 9. Bd3 d5 10. c3 Bd7 11. O-O Na5 12. c5 Nc4 13. Bxc4 dxc4 14.
Rb1 Bc6 15. Ne1 Nd5 16. Nc2 a6 17. Na3 b5 18. cxb6 Nxb6 19. Qg4 Qd5 20. Qxg7
O-O-O 21. f3 Qd7 22. Qg3 h5 23. h4 Rdg8 24. Bg5 Na4 25. Qe1 Bd5 26. Qd2 Nb6 27.
Rb2 Qc6 28. Qe2 Na4 29. Rc2 Nc5 30. Qe3 Nd7 31. Rb2 Rf8 32. Rfb1 f6 33. exf6
Nxf6 34. Bxf6 Rxf6 35. Rb8+ Kd7 36. Rxh8 Rf7 37. Rbb8 Qa4 38. Rhd8+ Kc6 39.
Rxd5 Qxa3 40. Qxe6+ Qd6 41. Rc5# 1-0

[Event "Ann Arbor (HVA/1/9)"]
[Site "?"]
[Date "1991.??.??"]
[Round "?"]
[White "Schmoldt, J."]
[Black "Wright, Ken"]
[Result "1-0"]
[WhiteElo "1770"]
[BlackElo "1605"]
[PlyCount "129"]
[EventDate "1991.??.??"]

{1/(9)} 1. f4 c5 2. Nf3 Nc6 3. e3 e6 4. d4 Nf6 5. Nbd2 Qc7 6. dxc5 Bxc5 7. Nb3
Bb6 8. c3 Ng4 9. Qe2 Ne7 10. h3 Nf6 11. g4 Ne4 12. Qh2 Nxc3 13. bxc3 Qxc3+ 14.
Bd2 Qc6 15. Bg2 d5 16. O-O f5 17. Nbd4 Bxd4 18. exd4 O-O 19. Ne5 Qa4 20. Be3
Nc6 21. Nxc6 bxc6 22. Rfc1 Rb8 23. g5 Rb2 24. Qg3 Ba6 25. Bf2 Bc4 26. Qc3 Rxa2
27. Rxa2 Bxa2 28. Qxc6 Qxc6 29. Rxc6 Re8 30. Ra6 Bb1 31. Rxa7 Be4 32. h4 g6 33.
Be3 Rb8 34. Ra2 Rb3 35. Bf2 Bf3 36. Bxf3 Rxf3 37. Ra8+ Kf7 38. Ra7+ Kg8 39. Re7
Rxf4 40. Rxe6 Kf7 41. Re5 Rg4+ 42. Kf1 f4 43. Ke2 Rg2 44. Rxd5 Ke6 45. Re5+ Kd6
46. Kf3 Rh2 47. Re4 Rh3+ 48. Kxf4 Rb3 49. Re3 Rb4 50. Rf3 Kd5 51. Kg4 Rb7 52.
h5 Ke6 53. hxg6 hxg6 54. Rf6+ Kd5 55. Rxg6 Rb2 56. Rf6 Rb7 57. g6 Rg7 58. Kf5
Rg8 59. Be3 Re8 60. g7 Rxe3 61. g8=Q+ Kxd4 62. Rd6+ Kc3 63. Qc8+ Kb2 64. Rb6+
Ka2 65. Qc4+ 1-0

[Event "Ann Arbor (HVA/3/4)"]
[Site "?"]
[Date "1991.??.??"]
[Round "?"]
[White "Schmoldt, J."]
[Black "Smeckert, Dennis"]
[Result "1-0"]
[WhiteElo "1770"]
[BlackElo "1605"]
[PlyCount "67"]
[EventDate "1991.??.??"]

{3/(4)} 1. f4 c5 2. Nf3 Nc6 3. e3 g6 4. d4 d5 5. c3 cxd4 6. exd4 e6 7. Bd3 Nge7
8. O-O Bg7 9. Qe2 O-O 10. Be3 Re8 11. Nbd2 a6 12. a4 b6 13. b4 Qc7 14. g3 Nf5
15. b5 Nce7 16. Rfc1 Nxe3 17. Qxe3 a5 18. c4 Qd7 19. Ne5 Bxe5 20. fxe5 dxc4 21.
Rxc4 Nf5 22. Qf2 Bb7 23. g4 Ne7 24. Be4 Nd5 25. Rcc1 Rac8 26. Rf1 Rc7 27. Rae1
Qe7 28. h4 Nc3 29. Bxb7 Rxb7 30. Re3 Nd5 31. Rf3 g5 32. hxg5 Qxg5 33. Ne4 Kh8
34. Nxg5 1-0

[Event "Ann Arbor (HVA/5/5)"]
[Site "?"]
[Date "1991.??.??"]
[Round "?"]
[White "Schmoldt, J."]
[Black "Jordan, Willie"]
[Result "1-0"]
[WhiteElo "1770"]
[BlackElo "1675"]
[PlyCount "61"]
[EventDate "1991.??.??"]

{5/(5)} 1. f4 Nc6 2. Nf3 d5 3. d4 Bf5 4. c3 Nf6 5. e3 e6 6. Bd3 Ne4 7. O-O Bd6
8. Qe2 Bg4 9. Qe1 f5 10. a4 Qe7 11. Bd2 g5 12. fxg5 Nxg5 13. Nxg5 Qxg5 14. e4
Qh5 15. e5 Be7 16. Bf4 Rg8 17. Bc2 Bh4 18. Qd2 Be2 19. Bd1 Rxg2+ 20. Kxg2 Qg4+
21. Kh1 Bxd1 22. Qxd1 Qg6 23. Nd2 O-O-O 24. a5 h6 25. Rg1 Bg5 26. Qf3 Rg8 27.
Rg2 Qh7 28. Rag1 Rh8 29. Qe3 Nxa5 30. Bxg5 hxg5 31. Qxg5 1-0

[Event "East Lansing (MOR/7)"]
[Site "?"]
[Date "1991.??.??"]
[Round "?"]
[White "Schmiege, G."]
[Black "Rosenberg, Steve"]
[Result "0-1"]
[WhiteElo "1605"]
[BlackElo "1770"]
[PlyCount "116"]
[EventDate "1991.??.??"]

1. e4 Nf6 2. e5 Nd5 3. c4 Nb6 4. d4 d6 5. f4 dxe5 6. fxe5 c5 7. Be3 Nc6 8. Nf3
Bg4 9. Be2 Bxf3 10. Bxf3 Nxd4 11. Bxd4 Qxd4 12. Qxd4 cxd4 13. Bxb7 Rb8 14. Bc6+
Kd8 15. b3 e6 16. Ke2 g6 17. Kd3 Bg7 18. Re1 Kc7 19. Bb5 Rbd8 20. Nd2 Nd7 21.
Bxd7 Rxd7 22. b4 Bh6 23. Nf3 Be3 24. a4 Rb8 25. b5 Kb6 26. Re2 h6 27. a5+ Kc5
28. Rb2 a6 29. Rab1 Ra7 30. bxa6 Rxb2 31. Rxb2 Rxa6 32. Rb5+ Kc6 33. Nxd4+ Bxd4
34. Kxd4 Ra8 35. Kc3 Ra7 36. Kb4 Ra6 37. Rc5+ Kb7 38. Kb5 Ra8 39. Ka4 Ra6 40.
Rb5+ Kc6 41. c5 Ra7 42. Kb4 Kd5 43. Rb6 Kxe5 44. c6 Kd6 45. Kb5 e5 46. Rb7 Ra8
47. c7 Rc8 48. Kb6 e4 49. a6 e3 50. a7 e2 51. Rb8 e1=Q 52. Rxc8 Qb4+ 53. Ka6
Kc5 54. Rb8 Qa4+ 55. Kb7 Qc6+ 56. Kc8 Kd6 57. Rb6 Qxb6 58. a8=Q Qxc7# 0-1

[Event "East Lansing (MOR/3)"]
[Site "?"]
[Date "1991.??.??"]
[Round "?"]
[White "Schmiege, G."]
[Black "Hayes, Tim"]
[Result "1-0"]
[WhiteElo "1605"]
[BlackElo "1605"]
[PlyCount "75"]
[EventDate "1991.??.??"]

1. e4 Nf6 2. e5 Nd5 3. d4 d6 4. Nf3 Bg4 5. Be2 Nc6 6. c3 e6 7. O-O dxe5 8. Nxe5
Bxe2 9. Qxe2 Nxe5 10. dxe5 Bc5 11. Qb5+ Qd7 12. Qxc5 b6 13. Qd4 O-O-O 14. c4
Nb4 15. Qxd7+ Rxd7 16. Na3 Rhd8 17. Bg5 Rf8 18. Rfd1 h6 19. Rxd7 Kxd7 20. Rd1+
Kc6 21. Be7 Rb8 22. Bxb4 a5 23. Bc3 g5 24. g3 h5 25. Nc2 Rg8 26. b4 axb4 27.
Bxb4 Ra8 28. Be7 g4 29. Rd8 Ra4 30. Rf8 Rxc4 31. Nb4+ Kd7 32. Rxf7 Ke8 33. Rh7
Re4 34. Nd3 Rd4 35. Nf4 c5 36. Bd6 c4 37. Re7+ Kd8 38. Nxe6+ 1-0

[Event "East Lansing (MOR/5)"]
[Site "?"]
[Date "1991.??.??"]
[Round "?"]
[White "Schmiege, G."]
[Black "Collins, Charles"]
[Result "1-0"]
[WhiteElo "1605"]
[BlackElo "1765"]
[PlyCount "73"]
[EventDate "1991.??.??"]

1. e4 Nf6 2. e5 Nd5 3. c4 Nb6 4. d4 d6 5. f4 dxe5 6. fxe5 Nc6 7. Be3 Bf5 8. a3
e6 9. Nf3 Be7 10. Be2 O-O 11. O-O f6 12. Nc3 fxe5 13. Nxe5 Nxe5 14. dxe5 Bg5
15. Qc1 Bxe3+ 16. Qxe3 Qh4 17. Rf4 Qe7 18. Raf1 a6 19. c5 Nd7 20. Bc4 Qxc5 21.
Qxc5 Nxc5 22. Rxf5 b5 23. Rxf8+ Rxf8 24. Rxf8+ Kxf8 25. Be2 Nd7 26. a4 b4 27.
Ne4 a5 28. Ng5 Ke7 29. Nxh7 Nxe5 30. Ng5 c5 31. Nf3 Kd6 32. Nxe5 Kxe5 33. b3
Kd4 34. Bc4 e5 35. Kf2 e4 36. Ke2 g6 37. h4 1-0

[Event "East Lansing (MOR/2)"]
[Site "?"]
[Date "1991.??.??"]
[Round "?"]
[White "Schmiege, G."]
[Black "Ball, A."]
[Result "0-1"]
[WhiteElo "1605"]
[BlackElo "1685"]
[PlyCount "48"]
[EventDate "1991.??.??"]

1. e4 d6 2. d4 Nf6 3. Nc3 g6 4. Nf3 Bg7 5. Bc4 O-O 6. h3 c5 7. dxc5 dxc5 8. Bf4
Nc6 9. O-O a6 10. Qe2 Nd4 11. Nxd4 cxd4 12. Rad1 b5 13. Bb3 Qb6 14. Nd5 Nxd5
15. exd5 Bb7 16. Qxe7 Rfe8 17. Qh4 Re2 18. d6 Qc6 19. Qg4 h5 20. Qg3 Rae8 21.
Qxg6 R8e6 22. Bxe6 Rxe6 23. Qg3 Rg6 24. Qh2 Rxg2+ 0-1

[Event "Detroit (HPO/2/18)"]
[Site "?"]
[Date "1991.??.??"]
[Round "?"]
[White "Schafer, Jurgen"]
[Black "Wydryck, Robert"]
[Result "0-1"]
[WhiteElo "1605"]
[BlackElo "1990"]
[PlyCount "70"]
[EventDate "1991.??.??"]

{2/(18)} 1. e4 c5 2. Nf3 d6 3. Bc4 Nf6 4. Nc3 g6 5. d4 cxd4 6. Nxd4 Bg7 7. O-O
O-O 8. h3 a6 9. Be3 b5 10. Bd3 Bb7 11. a3 Nbd7 12. f4 Nc5 13. e5 dxe5 14. fxe5
Nd5 15. Nxd5 Qxd5 16. Nf3 Nxd3 17. Qxd3 Qxd3 18. cxd3 Bxf3 19. Rxf3 Bxe5 20. d4
Bg7 21. b4 Rac8 22. Rf2 Rc3 23. Re2 Rd8 24. Bf2 e6 25. a4 Bxd4 26. axb5 axb5
27. Bxd4 Rxd4 28. Ra8+ Kg7 29. Rea2 Rxb4 30. R2a7 Rf4 31. Rb7 Rc1+ 32. Kh2 Rb1
33. Raa7 h5 34. Rb6 h4 35. Rxe6 Rff1 0-1

[Event "East Lansing (MOR/5)"]
[Site "?"]
[Date "1991.??.??"]
[Round "?"]
[White "Schafer, Jurgen"]
[Black "Tsuji, J."]
[Result "0-1"]
[WhiteElo "1605"]
[BlackElo "1605"]
[PlyCount "67"]
[EventDate "1991.??.??"]

1. d4 Nf6 2. c4 e6 3. Nc3 Bb4 4. Qc2 c5 5. e3 d5 6. Nf3 O-O 7. Bd3 Nbd7 8. O-O
b6 9. Rd1 Bb7 10. Ne2 cxd4 11. Nexd4 e5 12. e4 exd4 13. exd5 Re8 14. Bg5 h6 15.
Bh4 Qc7 16. Nxd4 a6 17. Nf5 Ne5 18. Nxh6+ gxh6 19. Bxf6 Ng4 20. d6 Qc6 21. Bh7+
Kf8 22. Be7+ Rxe7 23. dxe7+ Ke8 24. f3 Bc5+ 25. Kh1 Nf2+ 26. Kg1 Nxd1+ 27. Kh1
Nf2+ 28. Kg1 Ne4+ 29. Kf1 Ng5 30. Re1 Nxf3 31. Re2 Nd4 32. Be4 Nxc2 33. Bxc6+
Bxc6 34. Rxc2 0-1

[Event "East Lansing (MOR/2)"]
[Site "?"]
[Date "1991.??.??"]
[Round "?"]
[White "Schafer, Jurgen"]
[Black "Tanner, S."]
[Result "0-1"]
[WhiteElo "1605"]
[BlackElo "1645"]
[PlyCount "156"]
[EventDate "1991.??.??"]

1. d4 Nf6 2. c4 g6 3. Nc3 Bg7 4. Nf3 d6 5. e4 O-O 6. Bd3 e5 7. d5 Bg4 8. h3 Bd7
9. Bg5 Na6 10. a3 c6 11. Rc1 Rc8 12. Qd2 Rc7 13. Rc2 Qc8 14. b4 c5 15. b5 Nb8
16. a4 b6 17. Ra2 a6 18. Nh2 Be8 19. Qe2 h6 20. Be3 Bd7 21. Qd2 Kh7 22. f3 Ng8
23. g4 f5 24. exf5 gxf5 25. Qc2 Kh8 26. Rg1 f4 27. Bc1 Bf6 28. Ne4 Be7 29. Qg2
Qd8 30. Kd1 Nf6 31. Nf1 Nxe4 32. Bxe4 Bh4 33. Bb2 Rg8 34. Qd2 Qg5 35. Rg2 Ra7
36. Bc3 Be8 37. Bf5 Bg6 38. Be6 Rf8 39. Re2 Bf7 40. Bf5 Bg6 41. Be4 Nd7 42. Qb2
Nf6 43. Bxg6 Qxg6 44. Qc2 Kh7 45. Qxg6+ Kxg6 46. Nd2 axb5 47. cxb5 Nxd5 48. Ne4
Be7 49. Bd2 Rfa8 50. Nc3 Nxc3+ 51. Bxc3 Rxa4 52. Rab2 Ra1+ 53. Kc2 R8a2 54. Kd3
Rxb2 55. Rxb2 Rh1 56. Ra2 Rxh3 57. Ke4 Kf6 58. Ra6 Ke6 59. Rxb6 Bf6 60. Ra6 Rh2
61. Kd3 e4+ 62. Kxe4 Bxc3 63. Kxf4 Rb2 64. b6 Be5+ 65. Ke3 c4 66. f4 Bf6 67.
f5+ Kd7 68. Ra7+ Kc6 69. Rc7+ Kd5 70. b7 Bg5+ 71. Kf3 Rb3+ 72. Kg2 Kd4 73. Rd7
d5 74. Rc7 Rb2+ 75. Kf3 Kd3 76. Rg7 c3 77. Rxg5 hxg5 78. f6 Rxb7 0-1

[Event "East Lansing (MOR/6)"]
[Site "?"]
[Date "1991.??.??"]
[Round "?"]
[White "Schafer, Jurgen"]
[Black "Shoulders, C."]
[Result "1-0"]
[WhiteElo "1605"]
[BlackElo "1605"]
[PlyCount "35"]
[EventDate "1991.??.??"]

1. d4 Nf6 2. c4 d5 3. Nc3 e6 4. Nf3 c6 5. Bg5 Bd6 6. c5 Bc7 7. e4 O-O 8. e5 h6
9. Bh4 Ba5 10. exf6 Bxc3+ 11. bxc3 g6 12. Bd3 Nd7 13. Ne5 Nxe5 14. dxe5 b6 15.
Qg4 h5 16. Qg5 bxc5 17. Qh6 Qd7 18. Qg7# 1-0

[Event "East Lansing (MOR/1)"]
[Site "?"]
[Date "1991.??.??"]
[Round "?"]
[White "Schafer, Jurgen"]
[Black "Sawmiller, Tim"]
[Result "1-0"]
[WhiteElo "1605"]
[BlackElo "1605"]
[PlyCount "57"]
[EventDate "1991.??.??"]

1. d4 Nf6 2. c4 e6 3. Nc3 Bb4 4. Nf3 O-O 5. Qc2 d5 6. a3 Bxc3+ 7. bxc3 Nbd7 8.
Bg5 h6 9. Bh4 c5 10. e3 b6 11. Bd3 Qc7 12. O-O Re8 13. Bg3 Qc6 14. Rac1 Bb7 15.
Rfe1 dxc4 16. Bxc4 cxd4 17. cxd4 Rac8 18. Qb1 Qe4 19. Bd3 Rxc1 20. Rxc1 Qd5 21.
h3 Rc8 22. Rxc8+ Bxc8 23. e4 Qa5 24. Bd6 Ba6 25. Bc2 Qb5 26. Qc1 Qc6 27. e5 Ne4
28. Ne1 Nxd6 29. Bh7+ 1-0

[Event "Detroit (HPO/4/17)"]
[Site "?"]
[Date "1991.??.??"]
[Round "?"]
[White "Schafer, Jurgen"]
[Black "June, Brian"]
[Result "1/2-1/2"]
[WhiteElo "1605"]
[BlackElo "1870"]
[PlyCount "92"]
[EventDate "1991.??.??"]

{4/(17)} 1. d4 Nf6 2. c4 e6 3. Nc3 d5 4. e3 Bd6 5. Bd3 Nbd7 6. Nf3 c5 7. Nb5
Be7 8. O-O a6 9. Nc3 dxc4 10. Bxc4 b5 11. Bd3 O-O 12. b3 Bb7 13. Bb2 cxd4 14.
exd4 Nb6 15. Ne5 Rc8 16. Re1 b4 17. Ne4 Nbd5 18. Qd2 Nxe4 19. Bxe4 Bg5 20. Qd3
g6 21. Nc4 Nf4 22. Qf3 Bxe4 23. Qxe4 Qd5 24. Rab1 f5 25. Qxd5 exd5 26. Nb6 Rc2
27. Kf1 Nd3 28. Re2 Rxe2 29. Kxe2 Nf4+ 30. Kf3 Rb8 31. Nd7 Rd8 32. Nc5 a5 33.
g3 Nh5 34. Ne6 Be7 35. Nxd8 Bxd8 36. Rc1 Kf7 37. Rc8 Be7 38. Bc1 Ng7 39. Ra8
Ne6 40. Be3 Bd8 41. Ke2 h5 42. h4 Kg7 43. Kd3 Kf7 44. Ra7+ Ke8 45. Ra6 Kd7 46.
Bg5 Bc7 1/2-1/2

[Event "East Lansing (MOR/4)"]
[Site "?"]
[Date "1991.??.??"]
[Round "?"]
[White "Sawmiller, Tim"]
[Black "Warren, S."]
[Result "1-0"]
[WhiteElo "1605"]
[BlackElo "1605"]
[PlyCount "67"]
[EventDate "1991.??.??"]

1. d4 e6 2. Nf3 d5 3. e3 c5 4. c3 Nc6 5. Bd3 Bd6 6. O-O Nge7 7. Nbd2 O-O 8. e4
c4 9. Bc2 f6 10. exd5 exd5 11. Re1 Qc7 12. b3 Bg4 13. bxc4 Bxh2+ 14. Kh1 f5 15.
g3 Rf6 16. Kxh2 Rh6+ 17. Kg1 f4 18. Nf1 dxc4 19. Bxf4 Rd6 20. Bxd6 Qxd6 21. Qe2
Qh6 22. Qe4 Bf5 23. Qe2 Bg4 24. Qxc4+ Kh8 25. N3h2 Rf8 26. Nxg4 Qh5 27. Ngh2
Rf6 28. Be4 Rh6 29. Bxc6 Nxc6 30. Re6 Rxe6 31. Qxe6 Nd8 32. Qd7 Nc6 33. Qc8+
Qe8 34. Qxe8# 1-0

[Event "East Lansing (MOR/2)"]
[Site "?"]
[Date "1991.??.??"]
[Round "?"]
[White "Sawmiller, Tim"]
[Black "Short, T."]
[Result "1-0"]
[WhiteElo "1605"]
[BlackElo "1605"]
[PlyCount "129"]
[EventDate "1991.??.??"]

1. d4 d5 2. Nf3 e6 3. e3 Nf6 4. Bd3 c5 5. c3 c4 6. Bc2 Nc6 7. Nbd2 b5 8. a3 a5
9. O-O Be7 10. e4 O-O 11. e5 Nh5 12. Re1 g6 13. Nf1 f5 14. Bh6 Rf7 15. Qd2 a4
16. Ng3 Nxg3 17. hxg3 Bf8 18. Bxf8 Qxf8 19. Qg5 Kg7 20. Nh4 Kh8 21. Re2 Qg7 22.
f3 Bd7 23. Kf2 Rg8 24. Rh1 h6 25. Nxf5 gxf5 26. Rxh6+ Qxh6 27. Qxh6+ Rh7 28.
Qd2 Kg7 29. f4 Kf8 30. Re3 Rhg7 31. Bd1 Ne7 32. Be2 Ng6 33. Ke1 Nxf4 34. gxf4
Rxg2 35. Kd1 Be8 36. Rh3 Ke7 37. Rh1 Rg1+ 38. Rxg1 Rxg1+ 39. Kc2 Rg2 40. Qe1
Kd7 41. Kb1 Kc6 42. Ka2 Rg7 43. Qh4 Bd7 44. Qd8 Rh7 45. Qg8 Rh2 46. Qa8+ Kc7
47. Qa7+ Kd8 48. Qb6+ Ke7 49. Qc5+ Ke8 50. Bf3 Rh3 51. Bxd5 exd5 52. Qxd5 Rg3
53. e6 Bc8 54. Qxf5 Ke7 55. Qf7+ Kd6 56. e7 Bd7 57. e8=Q Bxe8 58. Qxe8 Rf3 59.
Qe5+ Kd7 60. f5 b4 61. Qd5+ Ke7 62. Qxf3 b3+ 63. Kb1 Kf6 64. Qe4 Kg5 65. Qe6
1-0

[Event "East Lansing (MOR/5)"]
[Site "?"]
[Date "1991.??.??"]
[Round "?"]
[White "Sawmiller, Tim"]
[Black "Grzegorczyk, Ron"]
[Result "1/2-1/2"]
[WhiteElo "1605"]
[BlackElo "1735"]
[PlyCount "76"]
[EventDate "1991.??.??"]

1. d4 d5 2. Nf3 g6 3. e3 Bg7 4. Bd3 Nf6 5. Nbd2 O-O 6. O-O a6 7. c3 Nbd7 8. e4
dxe4 9. Nxe4 Nxe4 10. Bxe4 Nf6 11. Bd3 Bg4 12. Re1 Re8 13. h3 Bxf3 14. Qxf3 c6
15. Bf4 Nd5 16. Bg3 e6 17. Re2 Qf6 18. Qxf6 Nxf6 19. Rae1 Rad8 20. Be5 Nd5 21.
Bxg7 Kxg7 22. Re4 Rd6 23. Bc4 Nf6 24. Re5 Nd7 25. R5e4 Rd8 26. b4 Nf6 27. Re5
Ra8 28. a4 Nd7 29. R5e4 b5 30. Bb3 Nf6 31. Re5 Nd5 32. Bxd5 cxd5 33. a5 Rc6 34.
R5e3 Rac8 35. Rc1 f6 36. f4 h6 37. g3 Kf7 38. Kf2 Re8 1/2-1/2

[Event "East Lansing (MOR/5)"]
[Site "?"]
[Date "1991.??.??"]
[Round "?"]
[White "Saulmon, Scott"]
[Black "Sorenson, D."]
[Result "0-1"]
[WhiteElo "1725"]
[BlackElo "1655"]
[PlyCount "80"]
[EventDate "1991.??.??"]

1. e4 e5 2. Nf3 Nc6 3. Bb5 a6 4. Ba4 Nf6 5. O-O Nxe4 6. d4 b5 7. Bb3 d5 8. dxe5
Be6 9. Nbd2 Nc5 10. h3 Be7 11. c3 Nxb3 12. Nxb3 O-O 13. Be3 Qd7 14. Nbd4 Na5
15. b3 c5 16. Ne2 Nc6 17. Kh2 b4 18. cxb4 Nxb4 19. a3 Nc6 20. Ng3 Rab8 21. Bf4
d4 22. Nd2 Na5 23. Rb1 Rb5 24. Nge4 Rfb8 25. Qf3 Nxb3 26. Nxb3 Rxb3 27. Rxb3
Rxb3 28. Qh5 c4 29. Bg5 Bxg5 30. Nc5 Qc7 31. Nxb3 Qxe5+ 32. g3 g6 33. Qd1 d3
34. f4 Qb2+ 35. Nd2 Bf6 36. Rf2 Bd5 37. Nf3 Bxf3 38. Qxf3 d2 39. Qd1 c3 40. Qf1
Qc1 0-1

[Event "East Lansing (MOR/1)"]
[Site "?"]
[Date "1991.??.??"]
[Round "?"]
[White "Saulmon, Scott"]
[Black "Solski, Jeff"]
[Result "1-0"]
[WhiteElo "1725"]
[BlackElo "1605"]
[PlyCount "47"]
[EventDate "1991.??.??"]

1. e4 d6 2. d4 Nf6 3. Nc3 g6 4. f4 Bg7 5. Nf3 O-O 6. Be2 a6 7. O-O b5 8. e5
Nfd7 9. Be3 Bb7 10. a3 Nb6 11. b3 N8d7 12. Ng5 Qc8 13. Bf3 d5 14. f5 c5 15. e6
fxe6 16. fxg6 hxg6 17. Bg4 Rxf1+ 18. Qxf1 cxd4 19. Qf7+ Kh8 20. Qxg6 Nf8 21.
Nf7+ Kg8 22. Nh6+ Kh8 23. Qf7 Qxc3 24. Qg8# 1-0

[Event "East Lansing (MOR/3)"]
[Site "?"]
[Date "1991.??.??"]
[Round "?"]
[White "Saulmon, Scott"]
[Black "Rosebrook, G."]
[Result "1-0"]
[WhiteElo "1725"]
[BlackElo "1605"]
[PlyCount "75"]
[EventDate "1991.??.??"]

1. e4 c5 2. Nc3 e6 3. f4 a6 4. Nf3 Nc6 5. a3 Qc7 6. d3 Nf6 7. Be2 b5 8. O-O Bb7
9. Bd2 Be7 10. Rc1 d6 11. Qe1 Nd7 12. Qg3 g6 13. Nh4 O-O-O 14. Nf3 Rdg8 15. Qf2
h5 16. Ng5 Rg7 17. Na2 Bf6 18. c3 b4 19. axb4 h4 20. Be3 Nb6 21. bxc5 dxc5 22.
Bxc5 Na4 23. Be3 Nxb2 24. Rb1 Na4 25. d4 Be7 26. c4 Qd7 27. d5 exd5 28. cxd5
Nd8 29. Rfc1+ Kb8 30. Bxa6 f5 31. Bb5 Qd6 32. Bxa4 Qa6 33. Qc2 Nf7 34. Bc6 Nd6
35. e5 Bxg5 36. exd6 Ka8 37. fxg5 Rc8 38. Bxb7+ 1-0

[Event "East Lansing (MOR/3)"]
[Site "?"]
[Date "1991.??.??"]
[Round "?"]
[White "Sarkisova, V."]
[Black "Vega, D."]
[Result "1-0"]
[WhiteElo "1605"]
[BlackElo "1665"]
[PlyCount "45"]
[EventDate "1991.??.??"]

1. e4 d6 2. d4 Nf6 3. Nc3 g6 4. Bc4 Bg7 5. f3 Nbd7 6. Be3 c6 7. Bb3 b5 8. Qd2
h6 9. O-O-O a5 10. e5 Ng8 11. e6 fxe6 12. Bxe6 Nb6 13. d5 Nc4 14. Qd3 Ne5 15.
Qe2 b4 16. Na4 Ba6 17. Qe1 c5 18. f4 Nc4 19. Qg3 g5 20. fxg5 h5 21. Qf2 Ne5 22.
h3 Qc7 23. Nf3 1-0

[Event "East Lansing (MOR/1)"]
[Site "?"]
[Date "1991.??.??"]
[Round "?"]
[White "Sarkisova, V."]
[Black "Repas, B."]
[Result "1-0"]
[WhiteElo "1605"]
[BlackElo "1605"]
[PlyCount "99"]
[EventDate "1991.??.??"]

1. e4 c5 2. Nf3 Nc6 3. d4 cxd4 4. c3 dxc3 5. Nxc3 a6 6. Bc4 d6 7. O-O g6 8. a3
Bg7 9. Qe2 Bg4 10. h3 Nd4 11. Bxf7+ Kf8 12. Nxd4 Bxe2 13. Ne6+ Kxf7 14. Nxd8+
Rxd8 15. Nxe2 Rc8 16. Rb1 Nf6 17. Nc3 Nd7 18. Nd5 Nc5 19. Bg5 e6 20. Nc3 h6 21.
Bf4 Rhd8 22. Rfd1 e5 23. Be3 b5 24. f3 h5 25. Rd5 Bf8 26. Rbd1 Be7 27. R5d2 Nb3
28. Rd5 Nc5 29. R5d2 Nb3 30. Re2 Ke6 31. Nd5 Bf8 32. Bg5 Nd4 33. Red2 Re8 34.
Be3 Nb3 35. Rd3 Nc5 36. Rc3 Na4 37. Rxc8 Rxc8 38. Rd2 Nc5 39. Rc2 Rb8 40. b4
Na4 41. Kf2 Be7 42. Rc7 Bd8 43. Rg7 Nb6 44. Rxg6+ Kd7 45. Rg7+ Ke6 46. Bxb6
Bxb6+ 47. Kg3 Bd8 48. Rh7 h4+ 49. Kg4 Bf6 50. Nc7# 1-0

[Event "East Lansing (MOR/4)"]
[Site "?"]
[Date "1991.??.??"]
[Round "?"]
[White "Sarkisova, V."]
[Black "McCarter, Robert"]
[Result "1/2-1/2"]
[WhiteElo "1605"]
[BlackElo "1715"]
[PlyCount "120"]
[EventDate "1991.??.??"]

1. e4 c5 2. Nf3 Nc6 3. d4 cxd4 4. Nxd4 e5 5. Nb5 a6 6. Nd6+ Bxd6 7. Qxd6 Qf6 8.
Qa3 Nge7 9. Nc3 Rb8 10. Be3 b5 11. b4 O-O 12. Rd1 d6 13. Qc1 Nxb4 14. Bg5 Qe6
15. Qd2 f6 16. Be3 Nbc6 17. Qxd6 Rd8 18. Qxe6+ Bxe6 19. a3 Rxd1+ 20. Kxd1 Rd8+
21. Kc1 Nd4 22. Bd3 Nec6 23. Rd1 b4 24. axb4 Nxb4 25. Bxd4 Rxd4 26. Ne2 Nxd3+
27. cxd3 Ra4 28. d4 Ra1+ 29. Kd2 Rxd1+ 30. Kxd1 exd4 31. Nxd4 Bc4 32. Kd2 Kf7
33. g3 g6 34. Kc3 Bf1 35. Nb3 Ke6 36. Kd4 Kd6 37. f4 Bh3 38. Na5 Be6 39. e5+
fxe5+ 40. fxe5+ Kc7 41. Kc5 g5 42. Nc6 Bd7 43. Nb4 a5 44. Nd5+ Kd8 45. Kd6 a4
46. e6 Be8 47. e7+ Kc8 48. Nc7 Bd7 49. Nd5 Be8 50. Ke6 a3 51. Nb4 Kc7 52. Kf6
g4 53. Kg7 h5 54. Kf8 Bb5 55. e8=Q Bxe8 56. Kxe8 Kd6 57. Kf7 Kc5 58. Na2 Kc4
59. Kg6 Kb3 60. Nc1+ Kc2 1/2-1/2

[Event "East Lansing (MOR/2)"]
[Site "?"]
[Date "1991.??.??"]
[Round "?"]
[White "Sanborn, Neil"]
[Black "Mikus, R."]
[Result "0-1"]
[WhiteElo "1605"]
[BlackElo "1605"]
[PlyCount "98"]
[EventDate "1991.??.??"]

1. e4 c5 2. Nf3 Nc6 3. Bb5 d6 4. Bxc6+ bxc6 5. d4 cxd4 6. Nxd4 c5 7. Nc6 Qc7 8.
Qd5 Bb7 9. Nc3 Bxc6 10. Qf5 g6 11. Qf4 Bg7 12. Nd5 Bxd5 13. exd5 Rb8 14. O-O
Bxb2 15. Rb1 Bxc1 16. Rbxc1 Nf6 17. Rfe1 Nxd5 18. Qe4 Nf6 19. Qf4 O-O 20. Re3
Nd5 21. Qe4 Nxe3 22. Qxe3 Rfe8 23. Re1 Rb2 24. Qc3 Rxa2 25. f4 Qa5 26. Qe3 Ra1
27. Rxa1 Qxa1+ 28. Kf2 Qd4 29. Qxd4 cxd4 30. Ke2 Rc8 31. Kd3 e5 32. fxe5 dxe5
33. Ke4 f6 34. Kd5 a5 35. Ke6 Kg7 36. c4 dxc3 37. g4 c2 38. h4 c1=Q 39. g5 fxg5
40. hxg5 Qxg5 41. Kd5 Kf7 42. Kd6 Qe7+ 43. Kd5 Rc5+ 44. Ke4 Qh4+ 45. Kd3 Qd4+
46. Ke2 Qc3 47. Kf2 Rb5 48. Kf1 Rb2 49. Kg1 Qc1# 0-1

[Event "East Lansing (MOR/4)"]
[Site "?"]
[Date "1991.??.??"]
[Round "?"]
[White "Sanborn, Neil"]
[Black "Hunt, D."]
[Result "1-0"]
[WhiteElo "1605"]
[BlackElo "1605"]
[PlyCount "59"]
[EventDate "1991.??.??"]

1. e4 e5 2. Nf3 Nc6 3. Bb5 Bc5 4. Bxc6 bxc6 5. Nxe5 Bxf2+ 6. Kxf2 Qf6+ 7. Nf3
Ba6 8. d3 Ne7 9. Nc3 h6 10. e5 Qf5 11. Re1 O-O 12. Re4 Ng6 13. g4 Qe6 14. Nd4
Qe7 15. Nf5 Qc5+ 16. Be3 Qa5 17. h4 f6 18. h5 Nxe5 19. Ra4 Nc4 20. Rxa5 Nxa5
21. Qd2 Nb7 22. Ne4 Nd8 23. Bxh6 Ne6 24. Bxg7 Nxg7 25. Nh6+ Kh7 26. Rg1 f5 27.
gxf5 Nxf5 28. Ng5+ Kh8 29. Ngf7+ Kh7 30. Qg5 1-0